00285nam a22000857a 4500100002400000245011100024260002600135300000900161650002900170 aUdarika,S.H. Achini aAurvedic Medication to control Blood Glucose level in Diabetic Patients:Cinnamon as an Aurvedic Medication aColombobICHEMCc2014 a17 p aanti diabetic acinnamon